Countries with its Own Name as its Capital - Statistics

General Stats
  • This quiz has been taken 71 times
    38 since last reset
  • The average score is 8 of 11
Answer Stats
Answer % Correct
Luxembourg
87%
Mexico
87%
Andorra
83%
Monaco
83%
Vatican City
80%
San Marino
77%
Guatemala
73%
Kuwait
73%
Panama
73%
Singapore
67%
Djibouti
50%
No matching quizzes found
Score Distribution
Percent of People with Each Score
Percentile by Number Answered
Your Score History
You have not taken this quiz since the last reset